000 00332nam a2200157Ia 4500
100 _aPandolfi/Fred/ Oliver/W
250 _a4
942 _cBK
654 _aComputer
245 _aMike Microsoft Foundation 4 Bible
260 _bTechmedia
_c1998
082 _a5.133
_bPAN
300 _a1132
546 _aENGLISH
999 _c27050
_d27050